000 00798nam a2200265Ia 4500
003 OSt
005 20220930073434.0
006 a|||||r|||| 00| 0
007 ta
008 220926b |||||||| |||| 00| 0 hin d
024 _a32402
037 _cTheses
040 _aCRL
_cCRL
_bhin
041 _2hin
_ahin
100 _aGautam Veena
110 _aUniversity of Delhi. Faculty of Arts. Department of Hindi
245 0 _aHindi ke samajik natakoan mein madhya vargiya chetna
260 _c1981
300 _a361p.
_ap.
_ccm.
650 _aHINDI LITERATURE
_923866
700 _a Dr Satyendra Taneja Supervisor
_9531577
700 _aUniversity of Delhi. Faculty of Arts. Department of Hindi
942 _cDIS
_2CC
999 _c865031
_d865031